| 000 | 01791nam a22004217a 4500 | ||
|---|---|---|---|
| 001 | 707 | ||
| 005 | 20230809133527.0 | ||
| 008 | 111219s2011 nyu c 000 1 eng d | ||
| 020 | _a9780545123327 (pbk.) | ||
| 020 | _a0545123321 (pbk.) | ||
| 040 |
_aBTCTA _beng _cBTCTA _dIEP _dJRS _dUPZ _dYDXCP _dJTH _dDLC |
||
| 050 | 0 | 0 |
_aPZ7.K8369 _bCo 2011 |
| 082 | 0 | 4 |
_a[Fic] _223 |
| 100 | 1 | _aKorman, Gordon. | |
| 245 | 1 | 0 |
_aCollision course / _cGordon Korman. |
| 260 |
_aNew York : _bScholastic, _c2011. |
||
| 300 |
_a166 pages : _c20 cm. |
||
| 490 | 1 |
_aTitanic ; _vBook 2 |
|
| 505 | _aM | ||
| 520 | _aThe Titanic has hit the high seas--and moves steadily toward its doom. Within the luxury of the cabins and the dark underbelly of the ship, mysteries unfold--a secret killer who may be on board, a legacy that may be jeopardized, and a vital truth that will soon be revealed. For Paddy, Sophie, Juliana, and Alfie, life on the Titanic brings both hiding and seeking, as their lives become irrevocably intertwined. And then, of course, an iceberg appears, and the stage is set for the final scene. | ||
| 521 |
_a770
_bLexile |
||
| 521 |
_aM
_bRaz-Plus |
||
| 650 | 0 |
_aShipwrecks _vJuvenile fiction. |
|
| 650 | 0 |
_aStowaways _vJuvenile fiction. |
|
| 650 | 0 |
_aOcean liners _vJuvenile fiction. |
|
| 650 | 0 |
_aOcean travel _vJuvenile fiction. |
|
| 650 | 0 |
_aIcebergs _vJuvenile fiction. |
|
| 650 | 0 |
_aVoyages and travels _vJuvenile fiction. |
|
| 650 | 1 |
_aSecrets _vJuvenile fiction. |
|
| 650 | 1 |
_aShipwrecks _vFiction. |
|
| 650 | 1 |
_aOcean liners _vFiction. |
|
| 650 | 1 |
_aAdventure and adventurers _vFiction. |
|
| 655 | 0 | _aHistorical fiction. | |
| 655 | 0 | _aAdventure stories. | |
| 655 | 7 |
_aMystery fiction. _2gsafd |
|
| 906 |
_a7 _bcbc _ccopycat _d2 _encip _f20 _gy-gencatlg |
||
| 942 |
_2ddc _cBK _n0 |
||
| 999 |
_c707 _d707 |
||